| 000 | 00800nam a2200217 a 4500 | ||
|---|---|---|---|
| 001 | 38009 | ||
| 003 | BD-RjUL | ||
| 005 | 20211209052715.0 | ||
| 008 | 161031s1993 ii ||||| |||| 00| 0 ben d | ||
| 035 | _a(BD-RjUL)38114 | ||
| 040 |
_aBD-RjUL _bben _cBD-RjUL _dBD-RjUL |
||
| 041 | _aben | ||
| 082 |
_a891.44109 _bDAK 1993 _223 |
||
| 100 |
_aদাশ, জীবনানন্দ _9117723 |
||
| 245 | 1 | 0 |
_aকবিতার কথা / _cজীবনানন্দ দাশ |
| 260 |
_aকলকাতা : _bসিগনেট প্রেস, _c১৯৯3 |
||
| 300 |
_a১৩৩ পৃ. ; _c২১ সেমি. |
||
| 650 |
_aবাংলা কবিতা _vইতিহাস ও সমালোচনা _9117724 |
||
| 650 |
_aBengali poetry _vHistory and criticism _9117725 |
||
| 942 |
_2ddc _cBK _01 |
||
| 999 |
_c38009 _d38009 |
||